000 00227nam a2200097Ia 4500
008 170619s9999 xx 000 0 und d
100 _aMeriam- J.L
245 0 _aEngineering Mechanics Dynamics
260 _bWILEY INDIA
260 _c2012
546 _aENGLISH
999 _c21129
_d21129